000 00710nam a2200205Ia 4500
001 7617
003 GE_BSU
008 181216s||||||||xx |||||||||||||| ||und||
040 _cGE_BSU
245 _aКлиническая медицина.№6.Том 91.2013
245 _bНаучно-практический журнал.
245 _cГл. ред. Симоненко В.Б. и др.
260 _aмосква.
260 _bИздателство медицина.
260 _c2013.
300 _a88стр,29см.
520 _aEжемесячный рецензирумый научно-практический журнал.
653 _aКлиническая медицина.
942 _cCR
999 _c40969
_d40969